Ošiaľ drahého sklíčka

Diamanty ako nový rozmer investovania. Obchodovanie s diamantmi. Základný investičný kameň. Centrum svetového obchodu s diamantmi a burza diamantov. Diamant ako komodita.

Guardado en:
Detalles Bibliográficos
Autor principal: Vanko, Samuel
Formato: Capítulo de libro
Lenguaje:eslovaco
Materias:
Etiquetas: Agregar Etiqueta
Sin Etiquetas, Sea el primero en etiquetar este registro!

MARC

LEADER 00000naa$a2200000$$$4500
001 0051977
005 20231019084824.5
041 0 |a slo 
044 |a SK 
245 1 0 |a Ošiaľ drahého sklíčka  |c Samuel Vanko 
520 |a Diamanty ako nový rozmer investovania. Obchodovanie s diamantmi. Základný investičný kameň. Centrum svetového obchodu s diamantmi a burza diamantov. Diamant ako komodita. 
610 2 0 |a obchod 
610 2 0 |a investovanie 
610 2 0 |a kovy drahé 
610 2 0 |a certifikáty investičné 
610 2 0 |a burzy 
100 1 |a Vanko, Samuel